000
00232 a2200121 4500
003
Nust
005
20170207170817.0
040
_c
Nust
082
_a
005.8
245
_a
The SELinux Notebook (EBOOK)
250
_a
4th ed.
300
_a
395 p.
942
_2
ddc
_c
BK
999
_c
215696
_d
215696